00981cam a22002772 450000100060000000300080000600500170001400800410003102000150007203500510008704000370013804100130017508200200018810000360020824500660024426000390031030000310034950000350038050000660041550000430048160000310052465000460055565000420060170000310064374000290067421949BD-RjUL20211209000741.0140306s1972 enk 000 1 mul d a0048410012 aOCLC ocm00742970 from D960918Ma(BD-RjUL)22014 aPITcPITdOCLdEQOdBD-RjULbeng0 afrebeng04a808.1bROS 19721 aRonsard, Pierre de,d1524-1585.10aSonnets for Helen /cWith English renderins by Humbert Wolfe. aLondon :bG. Allen & Unwin,c1972. axxviii, LXXIX p. ;c20 cm. aReprint of ed. published 1934. aEnglish verse translation and its French sonnet on each page. aFrench title: Sonnets pour Hélène.10aSurgères, Hélène de. 0aFrench poetryxTranslations into English. 0aEnglish poetryxTranslations, French.1 aWolf, Humbert,d1885-1940.00aSonnets pour Hélène.